| 000 | 01524cam a2200397 i 4500 | ||
|---|---|---|---|
| 999 |
_c232894 _d232894 |
||
| 001 | 18579328 | ||
| 003 | Nust | ||
| 005 | 20180117090024.0 | ||
| 008 | 150417t20162016nyu b 000 0 eng | ||
| 010 | _a 2015014344 | ||
| 020 | _a9780415714433 (hardback) | ||
| 020 | _z9781315673547 (ebook) | ||
| 040 |
_aDLC _beng _cDLC _erda _dDLC |
||
| 042 | _apcc | ||
| 043 | _aa------ | ||
| 050 | 0 | 0 |
_aHC415.P6 _bE88 2016 |
| 082 | 0 | 0 |
_a339.4/6095 _223 |
| 100 | 1 | _aEstudillo, Jonna P. | |
| 245 | 1 | 0 |
_aMoving out of poverty : _ban inquiry into the inclusive growth in Asia / _cJonna P. Estudillo and Keijiro Otsuka. |
| 250 | _a1 Edition. | ||
| 264 | 1 |
_aLondon _aNew York : _bRoutledge, Taylor & Francis Group, _c2016. |
|
| 300 |
_axx, 212 pages ; _c24 cm. |
||
| 336 |
_atext _2rdacontent |
||
| 337 |
_aunmediated _2rdamedia |
||
| 338 |
_avolume _2rdacarrier |
||
| 490 | 0 |
_aRoutledge studies in the modern world economy ; _v150 |
|
| 504 | _aIncludes bibliographical references (pages 200 -207) and index. | ||
| 650 | 0 |
_aPoverty _zAsia. |
|
| 650 | 0 |
_aEconomic development _zAsia. |
|
| 651 | 0 |
_aAsia _xEconomic conditions _y21st century. |
|
| 700 | 1 | _aOtsuka, Keijiro. | |
| 906 |
_a7 _bcbc _corignew _d1 _eecip _f20 _gy-gencatlg |
||
| 942 |
_2ddc _cBK |
||